| 000 | 01071nam a2200265Ia 4500 | ||
|---|---|---|---|
| 003 | OSt | ||
| 005 | 20220923211929.0 | ||
| 006 | a|||||r|||| 00| 0 | ||
| 007 | ta | ||
| 008 | 220922b |||||||| |||| 00| 0 san d | ||
| 024 | _a73,894 | ||
| 037 | _cTextual | ||
| 040 |
_aARTS _cARTS _bsan |
||
| 041 |
_2san _asan |
||
| 082 | _aR635x1,1, 152K9 | ||
| 100 |
_aतपोनिष्ठ, वेदमूर्ति, मक; शर्मा, श्रीराम, म्कण् _9161718 |
||
| 245 | 0 |
_aयोग दर्शन _b हिन्दी व्याख्या सहित |
|
| 246 | _aYog darshana: hindī vyākhyā sahita | ||
| 260 |
_aबरेली _b संस्कृति संस्थान _c1969 |
||
| 300 |
_a247पृ0 _ccm. |
||
| 650 | _a भारतीय दर्शन | ||
| 650 | _aभारतीय दर्शन | ||
| 942 |
_hR635x1,1, 152K9 _cTEXL _2CC |
||
| 999 |
_c304651 _d304651 |
||